| 000 | 00543nam a22001577a 4500 | ||
|---|---|---|---|
| 999 |
_c530145 _d530145 |
||
| 020 | _qHard Cover. | ||
| 082 | _a620.44 | ||
| 100 | _aBashat, Farhan. | ||
| 245 |
_aElectrodeposited Metal (Nickel) Oxide thin Films for Electro Catalytic Water Splitting / _cFarhan Basharat. |
||
| 260 |
_aIslamabad: _bSCME - NUST, _c2015. |
||
| 300 |
_a74 p.: ill.; _c30cm. |
||
| 942 |
_2ddc _cTHE |
||
| 650 |
_aMaterials and Surface Engineering MS-Thesis. _916159 |
||
| 700 |
_aDr. Muhammad Shahid _916160 |
||